| 000 -LEADER |
| fixed length control field |
00931nam a2200265 4500 |
| 001 - CONTROL NUMBER |
| control field |
22109 |
| 003 - CONTROL NUMBER IDENTIFIER |
| control field |
BD-DhUAP |
| 005 - DATE AND TIME OF LATEST TRANSACTION |
| control field |
20240319120920.0 |
| 008 - FIXED-LENGTH DATA ELEMENTS--GENERAL INFORMATION |
| fixed length control field |
230515s2023 ilu b 001 0 eng |
| 020 ## - INTERNATIONAL STANDARD BOOK NUMBER |
| International Standard Book Number |
9781107543287 |
| 040 ## - CATALOGING SOURCE |
| Original cataloging agency |
DLC |
| Language of cataloging |
eng |
| Description conventions |
BD-DhUAP |
| Transcribing agency |
BD-DhUAP |
| Modifying agency |
BD-DhUAP |
| 082 00 - DEWEY DECIMAL CLASSIFICATION NUMBER |
| Classification number |
418.007 DUR |
| Edition number |
23 |
| 100 1# - MAIN ENTRY--PERSONAL NAME |
| Personal name |
Durairajan,Geetha |
| 245 10 - TITLE STATEMENT |
| Title |
Assessing learners : |
| Remainder of title |
A Pedagogic Resource / |
| Statement of responsibility, etc. |
Geetha Durairajan. |
| 264 #1 - PRODUCTION, PUBLICATION, DISTRIBUTION, MANUFACTURE, AND COPYRIGHT NOTICE |
| Place of production, publication, distribution, manufacture |
Cambridge : |
| Name of producer, publisher, distributor, manufacturer |
University Press, |
| Date of production, publication, distribution, manufacture, or copyright notice |
2015.. |
| 300 ## - PHYSICAL DESCRIPTION |
| Extent |
114 pages |
| Dimensions |
24 cm |
| 440 ## - SERIES STATEMENT/ADDED ENTRY--TITLE |
| Title |
All about, Language and Teaching. |
| 504 ## - BIBLIOGRAPHY, ETC. NOTE |
| Bibliography, etc. note |
Includes bibliographical references and index. |
| 650 #0 - SUBJECT ADDED ENTRY--TOPICAL TERM |
| Topical term or geographic name entry element |
School librarian participation in curriculum planning |
| Geographic subdivision |
United States. |
| 650 #0 - SUBJECT ADDED ENTRY--TOPICAL TERM |
| Topical term or geographic name entry element |
Library orientation for school children |
| Geographic subdivision |
United States |
| General subdivision |
Evaluation. |
| 650 #0 - SUBJECT ADDED ENTRY--TOPICAL TERM |
| Topical term or geographic name entry element |
Libraries and schools |
| 650 #0 - SUBJECT ADDED ENTRY--TOPICAL TERM |
| Topical term or geographic name entry element |
Libraries and students |
| 650 #0 - SUBJECT ADDED ENTRY--TOPICAL TERM |
| Topical term or geographic name entry element |
Education |
| General subdivision |
Standards |
| Geographic subdivision |
United States. |
| 942 ## - ADDED ENTRY ELEMENTS (KOHA) |
| Source of classification or shelving scheme |
|
| Koha item type |
Book |